书目信息 |
| 题名: |
盖世太保
|
|
| 作者: | 苏真 , 刘平安 编著 | |
| 分册: | ||
| 出版信息: | 北京 国际文化出版公司 1995 |
|
| 页数: | 267页 | |
| 开本: | 20cm | |
| 丛书名: | ||
| 单 册: | ||
| 中图分类: | K516.44 | |
| 科图分类: | ||
| 主题词: | ||
| 电子资源: | ||
| ISBN: | 978-7-80105-261-2 | |
| 000 | 00661nam0 2200229 450 | |
| 001 | 0100499632 | |
| 005 | 20101009123905.0 | |
| 010 | @a978-7-80105-261-2@dCNY16.80 | |
| 100 | @a20021005d1995 em y0chiy0110 ea | |
| 101 | 0 | @achi |
| 102 | @aCN@b110000 | |
| 105 | @af z 000yy | |
| 106 | @ar | |
| 200 | 1 | @a盖世太保@9Gai;Ge Shi Tai Bao @e纳粹德国秘密警察@f苏 真,刘平安编著@b专著 |
| 210 | @a北京@c国际文化出版公司@d1995 | |
| 215 | @a267页@c照片@d20cm | |
| 601 | 02 | @a盖世太保@x史料 |
| 690 | @aK516.44@v3 | |
| 701 | 0 | @a苏真@9su zhen@4编著 |
| 701 | 0 | @a刘平安@9liu ping an@4编著 |
| 801 | 0 | @aCN@bAiZhiMarc@c19950512 |
| 905 | @aBZT@dK516.44@e15@f1@sK516.44/15 | |
| 盖世太保:纳粹德国秘密警察/苏 真,刘平安编著.-北京:国际文化出版公司,1995 |
| 267页:照片;20cm |
| ISBN 978-7-80105-261-2:CNY16.80 |
| ● |
| 相关链接 |
|
|
|
正题名:盖世太保
索取号:K516.44/15
 
预约/预借
| 序号 | 登录号 | 条形码 | 馆藏地/架位号 | 状态 | 备注 |
| 1 | 2000123930 | 2000123930 | 旧书回溯/ [索取号:K516.44/15] | 在馆 |